Top14 Highest Mountains in the World(Alt over 8000m/26247ft) - Statistics

General Stats
  • This quiz has been taken 77 times
  • The average score is 9 of 14
Answer Stats
Alt/m Alt/ft Country1 Country2 Mountain % Correct
8848.86 29031.7 China Nepal Mount Everest/Qomolangma
100%
8611 28251 China Pakistan Chogori/Qogir/K2
98%
8516 27940 China Nepal Lhotse
75%
8091 26545 Nepal Annapurna
71%
8126 26660 Pakistan Nāngā Parbat
66%
8201 26906 China Nepal Cho Oyu
61%
8080 26509 China Pakistan Gasherbrum I/K5/Hidden Peak
59%
8586 28169 India Nepal Kanchenjunga
59%
8485 27838 China Nepal Makalu
59%
8163 26781 Nepal Manaslu
59%
8167 26795 Nepal Dhaulagiri
55%
8051 26414 China Pakistan Faichan Kangri/Broad Peak
55%
8035 26362 China Pakistan Gasherbrum II/K4
52%
8027 26335 China Shishapangma/Gosainthan
48%
No matching quizzes found
Score Distribution
Percent of People with Each Score
Percentile by Number Answered
Your Score History
You have not taken this quiz